000 00633cam a22002297a 4500
001 12994414
005 20180227033120.0
007 co |||||||||||
008 021106s1999 iaua fsf 001 0 eng
010 _a 2002555896
_z 00510942
020 _a0982661902
040 _aDLC
_cDLC
041 _aeng
080 _a615
082 _2615 PLU
100 1 _a5
101 _aSHF
245 1 0 _aVeterinary drug handbook
_cDonald C. Plumb.
906 _a7
_bcbc
_corigcop
_d4
_encip
_f20
_gy-gencompf
942 _2ddc
_cBK
999 _c43533
_d43533